000
00198nmm a2200085Ia 4500
008
220120s9999||||xx |||||||||||||||||und||
100
_a
LFY DVD
245
0
_a
Solaries express developer
260
_c
2007
999
_c
138547
_d
138547